|
|
|
|
| LEADER |
00000nab a22000001a 4500 |
| 001 |
vtls010299588 |
| 003 |
SK-MaSNL |
| 005 |
20260426063108.0 |
| 008 |
110810d19250603xo |r|p|||| |000 b|slo |
| 015 |
|
|
|a SNBRRBVU1918-1938
|
| 038 |
|
|
|a SNKBUCL
|
| 038 |
|
|
|a SNKBUVU
|
| 040 |
|
|
|a SNKBUVU
|b slo
|c SNKBUCL
|e AACR2
|
| 041 |
0 |
|
|a slo
|
| 044 |
|
|
|a xo
|c SK
|
| 080 |
|
|
|a 72.071.1
|2 1997
|
| 080 |
|
|
|a 725.1
|2 1997
|
| 245 |
0 |
0 |
|a K otázke stavby novej sedriálnej budovy v Bratislave
|
| 520 |
|
|
|a Informácia o nezhodách pre miesto stavby budovy pre bratislavskú sedriu a okresný súd [projekt od architektov Holescha a Skuteckého]
|
| 600 |
1 |
7 |
|a Holesch, Vojtech,
|d 1892-1938
|2 MM
|9 1284497
|
| 600 |
1 |
7 |
|a Skutecký, Alexander,
|d 1883-1944
|2 MM
|9 302990
|
| 610 |
2 |
7 |
|a Justičný palác (Bratislava)
|2 MM
|9 1284498
|
| 650 |
0 |
7 |
|a slovenská architektúra
|2 MM
|9 2967
|
| 650 |
0 |
7 |
|a verejné budovy
|2 snkbucl
|9 2985
|
| 650 |
0 |
7 |
|a budovy súdov
|2 snkbucl
|9 1221061
|
| 651 |
|
7 |
|a Bratislava (Slovensko)
|2 MM
|9 14568
|
| 773 |
0 |
|
|t Slovák
|g Roč. 7, č. 123 (3.6.1925), s. 2
|
| 852 |
|
|
|a SNK
|b KIS3GCP
|
| 910 |
|
|
|a snkrbvumm
|
| 958 |
|
|
|a VY
|
| 999 |
|
|
|c 2552608
|d 2554538
|